000 01237nam a2200301 c 4500
003 BLK
005 20180422113227.0
008 180410b bul|||||r ||||||| ||bul||
010 _aKNG00159996000
040 _aBLK
041 _aBUL
_cBUL
080 _aРуска литература
_b821.161.1
_x-32
_z821.161.1-32
100 1 _aБрянцев, Георгий Михайлович
_eпърви автор
_943604
700 1 _aАврамов, Орлин
_eпрев. от рус. със съкр.
_9368022
139 _aБрянцев, Георгий Михайлович
_bБ 83
245 1 0 _aПо тънък лед
_bПовест
_cГеоргий Михайлович Брянцев; прев. от рус. със съкр. Орлин Аврамов.
257 _aSUN
260 София
_bДърж. воен. изд.
_c1963
300 _a540 с.
_bс ил.
_c18 см
380 _aX
490 1 _aБиблиотека Военни приключения
500 _a15 018 тир.
852 _aЦб І 5864
856 4 _qpdf
_u
856 4 _qpdf
_u
942 _cKNG
_n0
944 _aCR
_c17.04.2014
_l17.04.2014 - от С1,Р / 17.04.2014
_kСамет_Онур
944 _aED
_c01.02.2016
_l17.04.2014 - от С1,Р / 17.04.2014
_kВася_Ганчева
999 _c153466
_d153466